[Event "Druzynowe Mistrzostwa Polski Juniorow - II Liga"]
[Site "Iwonicz"]
[Date "2016-07-31"]
[Round "8.1"]
[White "Adamczewski, Maciej"]
[Black "Molenda, Marcin"]
[Result "0-1"]
[WhiteTitle "I++"]
[BlackTitle "k"]
[WhiteElo "1979"]
[BlackElo "2267"]

1. d4 d5 2. c4 e6 3. Nf3 Nf6 4. Nc3 Bb4 5. Bg5 Nbd7 6. cxd5 exd5 7. Qc2 c5 8. Bd2
O-O 9. a3 Bxc3 10. Bxc3 c4 11. e3 Ne4 12. Be2 Ndf6 13. Ne5 Bf5 14. Qa4 Nxc3 15.
bxc3 Ne4 16. Rc1 b5 17. Qa6 Qb6 18. Qxb6 axb6 19. f3 Nd6 20. g4 Be6 21. Nc6 Rxa3
22. Nb4 Rfa8 23. Kd2 f6 24. h3 Kf7 25. Bd1 Ra1 26. Bc2 Rxc1 27. Rxc1 g6 28. Rf1
h5 29. Rg1 hxg4 30. hxg4 Rh8 31. Bd1 Nb7 32. Rg3 Rh2+ 33. Be2 Na5 34. e4 Nb3+
35. Ke3 dxe4 36. fxe4 Nc1 37. Bf1 g5 38. Bg2 Nb3 39. Nc6 Bd7 40. Nb4 Be6 41. Nc6
Na5 42. Nb4 Ke7 43. Bf3 Kd6 44. Bd1 Rh1 45. Bc2 Re1+ 46. Kf2 Rc1 47. Rf3 Nc6 48.
e5+ fxe5 49. dxe5+ Nxe5 50. Rf8 Nxg4+ 51. Ke2 Ne5 52. Rb8 Nd7 53. Rc8 g4 54. Kf2
Ke5 55. Re8 Nf6 56. Rd8 Bd5 57. Kg3 Rg1+ 58. Kh4 g3 59. Kg5 g2 60. Nxd5 Nxd5 61.
Re8+ Kd6 62. Be4 Re1 63. Rd8+ Kc7 64. Kf4 0-1

[Event "Druzynowe Mistrzostwa Polski Juniorow - II Liga"]
[Site "Iwonicz"]
[Date "2016-07-31"]
[Round "8.2"]
[White "Drozniak, Stanislaw"]
[Black "Janiszewski, Filip"]
[Result "0-1"]
[WhiteTitle "I++"]
[BlackTitle "I+"]
[WhiteElo "2135"]
[BlackElo "1996"]

1. e4 c5 2. Nf3 d6 3. d4 cxd4 4. Nxd4 Nf6 5. Nc3 a6 6. Bg5 e6 7. f4 h6 8. Bh4 Qb6
9. a3 Be7 10. Bf2 Qc7 11. Be2 b5 12. Bf3 Bb7 13. e5 dxe5 14. Bxb7 Qxb7 15. fxe5
Nfd7 16. Qf3 Qxf3 17. Nxf3 Nc6 18. Bg3 O-O 19. O-O-O Rfd8 20. Kb1 Nb6 21. Ne4
Nc4 22. Rhe1 g5 23. h3 Rab8 24. c3 a5 25. Nd4 Nxd4 26. Rxd4 Rxd4 27. cxd4 b4 28.
Nd6 Bxd6 29. exd6 bxa3 30. d7 Rd8 31. Rc1 Nd2+ 32. Kc2 axb2 33. Kxb2 Rxd7 34.
Be5 Rb7+ 35. Ka2 Ne4 36. g4 f6 37. Bc7 Rb4 38. Ka3 Rxd4 39. Bxa5 Rd3+ 40. Kb4
Rxh3 41. Re1 f5 42. Kc4 Kf7 43. Kd4 Rh4 44. gxf5 exf5 45. Rc1 Nf6+ 46. Ke3 Re4+
47. Kf2 h5 48. Bd8 Re6 49. Ba5 h4 50. Kg2 g4 51. Bc7 Nd5 52. Bb8 f4 53. Rc5 h3+
54. Kh1 g3 55. Rc1 Kg6 56. Ba7 Nf6 57. Bg1 Ng4 58. Rc7 g2# 59. Rd7 h2+ 0-1

[Event "Druzynowe Mistrzostwa Polski Juniorow - II Liga"]
[Site "Iwonicz"]
[Date "2016-07-31"]
[Round "8.3"]
[White "Skurniak, Szymon"]
[Black "Galuszka, Tomasz"]
[Result "1/2-1/2"]
[WhiteTitle "I"]
[BlackTitle "II+"]
[WhiteElo "1603"]
[BlackElo "1768"]

1. e4 c6 2. d4 d5 3. Nc3 dxe4 4. Nxe4 Bf5 5. Ng3 Bg6 6. h4 h6 7. f4 e6 8. Nf3 Nd7
9. h5 Bh7 10. Bd3 Bxd3 11. Qxd3 Ngf6 12. Bd2 Qc7 13. O-O-O Bd6 14. Ne5 c5 15.
Nxd7 Nxd7 16. d5 O-O-O 17. dxe6 fxe6 18. Rhf1 Nf6 19. Qg6 Rhe8 20. Ne4 Nxe4 21.
Qxe4 Qf7 22. g4 e5 23. Qa4 exf4 24. Qxa7 Qc4 25. Kb1 Bb8 26. Qa5 Re2 27. Bc3 Rde8
28. b3 b6 29. bxc4 bxa5 30. Bxa5 Rg2 31. Rd5 Rxg4 32. Rxc5+ Kb7 33. Ka1 Rg5 34.
Rd5 Rc8 35. Rb1+ Ka8 36. Rb6 1/2-1/2

[Event "Druzynowe Mistrzostwa Polski Juniorow - II Liga"]
[Site "Iwonicz"]
[Date "2016-07-31"]
[Round "8.4"]
[White "Gazik, Jakub"]
[Black "Ochedzan, Tymon"]
[Result "1/2-1/2"]
[WhiteTitle "II"]
[BlackTitle "II+"]
[WhiteElo "1509"]
[BlackElo "1636"]

1. e4 c5 2. Nf3 d6 3. g3 Nf6 4. d3 g6 5. Bg2 Bg7 6. O-O O-O 7. Re1 Nc6 8. c3 e5
9. a3 b5 10. b4 a5 11. bxc5 dxc5 12. Be3 Qe7 13. Nbd2 Rd8 14. Qc2 a4 15. h3 Qd6
16. Bf1 h6 17. Red1 Be6 18. Kh2 Rdb8 19. Rdb1 Ne8 20. Be2 Nc7 21. Nf1 Ra5 22.
Qd2 Kh7 23. Ne1 h5 24. Nf3 Raa8 25. Ng5+ Kg8 26. Nxe6 Nxe6 27. Kg2 Na5 28. Bd1
Nc7 29. Nh2 Rd8 30. Nf3 Ra6 31. Bc2 Qe7 32. Bg5 f6 33. Be3 Nc4 34. Qe2 Nxe3+ 35.
Qxe3 Qd6 36. Rd1 Ne6 37. Rdb1 Rb6 38. c4 bxc4 39. dxc4 Rxb1 40. Rxb1 Qc6 41. Qc3
Nd4 42. Nxd4 cxd4 43. Qd3 Bf8 44. Rb5 Ra8 45. Kg1 Kg7 46. Kh2 Bc5 47. Kg1 Ra7
48. Kh2 Qd6 49. Rb1 Bxa3 50. Ra1 Bb2 51. Rxa4 Rxa4 52. Bxa4 Bc3 53. Kg2 Qb4 54.
Bc2 Kf7 55. Kf3 Ke7 56. Ke2 Kd6 57. Kf3 Kc5 58. Qe2 Qxc4 59. Qxc4+ Kxc4 60. Ke2
Bb4 61. Bd3+ Kc3 62. f3 Be7 63. Bb5 Kc2 64. Bd3+ Kc3 65. Bb1 g5 66. g4 h4 67.
Bd3 Kb2 68. Ba6 Kc3 69. Bd3 Kb2 70. Ba6 Kc1 71. Bd3 Kb2 72. Ba6 1/2-1/2

[Event "Druzynowe Mistrzostwa Polski Juniorow - II Liga"]
[Site "Iwonicz"]
[Date "2016-07-31"]
[Round "8.5"]
[White "Wawrzyniak, Weronika"]
[Black "Kordela, Monika"]
[Result "0-1"]
[WhiteTitle "I"]
[BlackTitle "I"]
[WhiteElo "1322"]
[BlackElo "1783"]

1. e4 c5 2. Nf3 g6 3. d4 cxd4 4. Qxd4 Nf6 5. e5 Ng8 6. Nc3 Bg7 7. Qe4 Nc6 8. Bf4
Nh6 9. O-O-O O-O 10. h3 f5 11. Qe3 Nf7 12. Bc4 Qb6 13. Bxf7+ Rxf7 14. Qd2 Na5
15. Nd5 Qd8 16. Kb1 Nc6 17. h4 e6 18. Nc3 Qa5 19. Rde1 b5 20. h5 b4 21. Nd1 b3
22. Qxa5 bxc2+ 23. Kxc2 Nxa5 24. hxg6 hxg6 25. Ng5 Re7 26. Nc3 Bb7 27. f3 Rc8
28. Kb1 Nc6 29. Nb5 Ba6 30. Nd6 Rb8 31. a3 Nd4 32. Re3 Nc6 33. Ka2 Nd4 34. Nh3
Bf8 35. Bg5 Rh7 36. Rc1 Be7 37. Bxe7 Rxe7 38. Ng5 Rg7 39. Rc7 Nc6 40. Ngf7 Rxf7
41. Nxf7 Kxf7 42. Rxd7+ Kf8 43. f4 Rd8 44. Rxd8+ Nxd8 45. Rc3 Bb7 46. g3 Bd5+
47. b3 Nc6 48. Kb2 Kg7 49. b4 a6 50. Kc2 Kh6 51. Kd2 g5 52. Ke3 gxf4+ 53. gxf4
Kg6 54. Rc5 Kf7 55. b5 axb5 56. Rxb5 Ke7 57. a4 Kd8 58. a5 Kc7 59. Kd3 Na7 60.
Rb6 Nc6 61. Rb5 Na7 62. Rb2 Kc6 63. Rb6+ Kc7 64. Rb2 Kc6 65. Rb6+ Kc7 66. Kc3
Nc6 67. Rb5 Na7 68. Kb4 Nxb5 69. Kxb5 Kb7 70. a6+ Ka7 71. Ka5 Bc4 72. Kb4 Bxa6
73. Kc5 Bd3 74. Kd6 Bc4 75. Kc5 Bd5 76. Kb5 Kb7 77. Kc5 Kc7 78. Kb5 Kd7 79. Kc5
Ke7 80. Kd4 Kf7 81. Ke3 Kg6 82. Kf2 Kh5 83. Kg3 Be4 84. Kh3 Bf3 85. Kg3 Bg2 86.
Kxg2 Kg4 87. Kf2 Kxf4 88. Ke2 Kxe5 89. Kf3 f4 90. Ke2 Ke4 91. Kf2 f3 92. Kf1 Ke3
93. Ke1 f2+ 94. Kf1 e5 95. Kg2 Ke2 0-1

[Event "Druzynowe Mistrzostwa Polski Juniorow - II Liga"]
[Site "Iwonicz"]
[Date "2016-07-31"]
[Round "8.6"]
[White "Adamczyk, Zuzanna"]
[Black "Barwinska, Ewa"]
[Result "1-0"]
[WhiteTitle "I"]
[BlackTitle "II+"]
[WhiteElo "1672"]
[BlackElo "1239"]

1. e4 c5 2. Nf3 e6 3. d4 cxd4 4. Nxd4 a6 5. Nc3 Qc7 6. Be2 Nf6 7. O-O Be7 8. Be3
O-O 9. f4 d6 10. Kh1 Nbd7 11. Bf3 Nc5 12. Qe1 Rd8 13. h3 Nfd7 14. b4 e5 15. Nf5
Bf6 16. Nd5 Qb8 17. bxc5 Nxc5 18. Nxf6+ Kh8 19. Nd5 Bxf5 20. exf5 h6 21. fxe5
b6 22. Qh4 Kh7 23. Nf6+ gxf6 24. Qxh6+ Kg8 25. exf6 Ne6 26. fxe6 Rf8 27. Qg7#
1-0

[Event "Druzynowe Mistrzostwa Polski Juniorow - II Liga"]
[Site "Iwonicz"]
[Date "2016-07-31"]
[Round "8.7"]
[White "Leskiewicz, Ignacy"]
[Black "Fus, Jakub"]
[Result "1/2-1/2"]
[WhiteTitle "I"]
[BlackTitle "I++"]
[WhiteElo "1921"]
[BlackElo "2025"]

1. e4 e6 2. d4 d5 3. Nd2 Be7 4. Bd3 c5 5. exd5 Qxd5 6. Ngf3 cxd4 7. Bc4 Qd6 8.
O-O Nf6 9. Re1 Nc6 10. Ne4 Nxe4 11. Rxe4 Qc5 12. Qd3 Bf6 13. a3 O-O 14. b4 Qh5
15. g4 Qg6 16. g5 Be7 17. Nh4 Qh5 18. Qf3 Qxf3 19. Nxf3 Rd8 20. Bb5 Bd7 21. Bf4
a6 22. Bc4 Be8 23. Rd1 Rd7 24. Nxd4 Rad8 25. c3 a5 26. Bb5 Rd5 27. Bxc6 bxc6 28.
Re5 Rxe5 29. Bxe5 f6 30. gxf6 gxf6 31. Bg3 e5 32. Re1 Kf7 33. Nf5 Bf8 34. bxa5
Ra8 35. f4 Bd7 36. Ne3 exf4 37. Bxf4 Rxa5 38. Nc4 Rc5 39. Nd6+ Kg6 40. Re3 Rd5
41. Rg3+ Kh5 42. Ne4 Rf5 43. Be3 Be6 44. Bd4 Rf4 45. Nxf6+ Kh4 46. Be3 Rf5 47.
Bg5+ Rxg5 48. Rxg5 Kxg5 49. Nxh7+ Kh6 50. Nxf8 Bf5 51. Kf2 Kg7 52. Ke3 Kxf8 53.
Kd4 Ke7 54. Kc5 Kd7 55. a4 Kc7 56. h4 Kb7 57. h5 Be4 58. h6 Ka6 59. h7 Bxh7 60.
Kxc6 Ka5 1/2-1/2

[Event "Druzynowe Mistrzostwa Polski Juniorow - II Liga"]
[Site "Iwonicz"]
[Date "2016-07-31"]
[Round "8.8"]
[White "Jarzebowski, Kacper"]
[Black "Krol, Marcin"]
[Result "1-0"]
[WhiteTitle "I+"]
[BlackTitle "I"]
[WhiteElo "1895"]
[BlackElo "1626"]

1. d4 d5 2. c4 e6 3. Nf3 Nf6 4. Qc2 c6 5. g3 Bd6 6. Bg2 Nbd7 7. Nbd2 O-O 8. O-O
Qc7 9. b3 b6 10. e4 dxe4 11. Nxe4 Nxe4 12. Qxe4 Nf6 13. Qc2 Bb7 14. Bb2 c5 15.
dxc5 Bxc5 16. Ng5 h6 17. Bxb7 Qxb7 18. Bxf6 hxg5 19. Bxg5 Be7 20. Be3 Rac8 21.
Qe2 Qe4 22. Rfe1 Rfd8 23. Bf4 Qxe2 24. Rxe2 Rd3 25. Rd2 Rxd2 26. Bxd2 Rd8 27.
Be3 Bc5 28. Re1 Kf8 29. Kf1 Bxe3 30. Rxe3 Rd2 31. a3 Ke7 32. Rc3 Kd6 33. b4 a5
34. c5+ bxc5 35. Rxc5 axb4 36. axb4 Rb2 37. Rb5 Kc7 38. h4 Kc6 39. Rb8 Kd6 40.
Rb7 f5 41. h5 Ke5 42. Rxg7 Rxb4 43. Rf7 Rg4 44. Kg2 Rg8 45. Kh3 Ke4 46. Rf6 e5
47. f3+ Kxf3 48. Rxf5+ Ke4 49. Rf1 Kd3 50. Kh4 e4 51. g4 e3 52. h6 e2 53. Ra1
Rf8 54. Re1 Kd2 55. Rxe2+ Kxe2 56. g5 Kf3 57. h7 Kf4 58. g6 Rh8 59. Kh5 Re8 60.
g7 Re5+ 61. Kg6 Rg5+ 62. Kf7 1-0

[Event "Druzynowe Mistrzostwa Polski Juniorow - II Liga"]
[Site "Iwonicz"]
[Date "2016-07-31"]
[Round "8.9"]
[White "Nowak, Mikolaj"]
[Black "Czernek, Tymon"]
[Result "1-0"]
[WhiteTitle "I++"]
[BlackTitle "I"]
[WhiteElo "2091"]
[BlackElo "1867"]

1. e4 c5 2. Nc3 a6 3. g3 b5 4. Bg2 Bb7 5. d3 Nc6 6. f4 e6 7. Nf3 d5 8. e5 Nge7
9. O-O Nf5 10. g4 Nfd4 11. Ne2 Nxf3+ 12. Bxf3 g5 13. c3 Rg8 14. d4 gxf4 15. Bxf4
cxd4 16. cxd4 h5 17. g5 h4 18. Kh1 Ne7 19. Qd2 Ng6 20. Bh5 Qe7 21. Bxg6 Rxg6 22.
Rac1 Qd8 23. Rg1 Be7 24. Rg4 Kd7 25. Rxh4 Rxg5 26. Bxg5 Bxg5 27. Rf4 Bxf4 28.
Qxf4 Qg8 29. Ng3 Qh7 30. Qd2 Rh8 31. Qc2 Qxc2 32. Rxc2 Rh4 33. Rd2 a5 34. Ne2
b4 35. Nc1 a4 36. Nd3 Rxd4 37. Nc5+ Kc6 38. Rxd4 Kxc5 39. Rf4 d4+ 40. Kg1 Bd5
41. a3 bxa3 42. bxa3 Kc4 43. Kf2 Kc3 44. h4 Bb3 45. Ke1 Bc2 46. h5 Kb2 47. Rxd4
Kxa3 48. h6 Kb3 49. Kd2 Bg6 50. Rd7 a3 51. Rb7+ Kc4 52. Kc1 Be4 53. Rxf7 Kb3 54.
Rg7 Bf5 55. Rg3+ Kb4 56. Rf3 Bh7 57. Rf7 Be4 58. Rf4 a2 59. Kb2 1-0

[Event "Druzynowe Mistrzostwa Polski Juniorow - II Liga"]
[Site "Iwonicz"]
[Date "2016-07-31"]
[Round "8.10"]
[White "Baum, Jonasz"]
[Black "Klimkowski, Jan"]
[Result "1-0"]
[WhiteTitle "I"]
[BlackTitle "II"]
[WhiteElo "1826"]
[BlackElo "1443"]

1. e4 c5 2. Nf3 Nc6 3. Nc3 g6 4. d4 cxd4 5. Nxd4 Bg7 6. Be3 Nf6 7. Nxc6 bxc6 8.
e5 Ng8 9. f4 Nh6 10. Qd2 O-O 11. O-O-O d6 12. exd6 exd6 13. Bd4 Bxd4 14. Qxd4
Nf5 15. Qd2 d5 16. g4 Nh4 17. h3 Rb8 18. Qf2 Qb6 19. Qxh4 Qe3+ 20. Rd2 Rxb2 21.
Kxb2 Qxd2 22. Bd3 Qxf4 23. Qe7 Be6 24. Qc5 Qf3 25. Rg1 Rb8+ 26. Ka1 Qxh3 27. g5
Bf5 28. Qxa7 Re8 29. Qd4 Ra8 30. Rf1 Be6 31. Rg1 Bf5 32. Ne2 Bxd3 33. Qxd3 Qd7
34. Rh1 Qa7 35. Qb3 d4 36. Nc1 Rb8 37. Qh3 h5 38. gxh6 Kh7 39. Qf3 c5 40. Qf6
Rg8 41. Re1 Qa5 42. Qxf7+ Kh8 43. Qf6+ Kh7 44. Re7+ Kxh6 45. Qh4# 1-0

[Event "Druzynowe Mistrzostwa Polski Juniorow - II Liga"]
[Site "Iwonicz"]
[Date "2016-07-31"]
[Round "8.11"]
[White "Dwilewicz, Katarzyna"]
[Black "Reda, Patrycja"]
[Result "1/2-1/2"]
[WhiteTitle "I++"]
[BlackTitle "I"]
[WhiteElo "1786"]
[BlackElo "1417"]

1. e4 e5 2. Nf3 Nc6 3. Bb5 a6 4. Ba4 Nf6 5. d4 exd4 6. O-O Be7 7. Re1 b5 8. Bb3
d6 9. Bd5 Nxd5 10. exd5 Ne5 11. Nxd4 O-O 12. f4 Bg4 13. Qd2 Nc4 14. Qd3 Bh4 15.
g3 Bf6 16. Nc3 Re8 17. Rxe8+ Qxe8 18. Kf2 h5 19. a3 h4 20. b3 Nb6 21. Bd2 c5 22.
dxc6 Bxd4+ 23. Qxd4 Qxc6 24. Qe4 d5 25. Qd4 Bf5 26. Be3 Nd7 27. Qxd5 Qxd5 28.
Nxd5 Bxc2 29. b4 hxg3+ 30. hxg3 Be4 31. Nc3 Bc6 32. Bd4 f6 33. Re1 Kf8 34. Re6
Rc8 35. g4 Kf7 36. Re3 Rh8 37. Ne4 Bxe4 38. Rxe4 Rh3 39. Re3 Rxe3 40. Kxe3 g6
41. Ke4 Ke6 42. Bf2 Kd6 43. Ba7 Ke6 44. Bd4 Kd6 45. Bf2 Ke6 46. Be3 f5+ 47. gxf5+
gxf5+ 1/2-1/2

[Event "Druzynowe Mistrzostwa Polski Juniorow - II Liga"]
[Site "Iwonicz"]
[Date "2016-07-31"]
[Round "8.12"]
[White "Tarka, Aleksandra"]
[Black "Waligora, Julia"]
[Result "1/2-1/2"]
[WhiteTitle "I"]
[BlackTitle "I"]
[WhiteElo "1449"]
[BlackElo "1349"]

1. d4 e6 2. Nf3 Nf6 3. Bg5 Nc6 4. e3 Be7 5. Nbd2 d6 6. c3 O-O 7. Bd3 Nd5 8. Bxe7
Qxe7 9. c4 Nf6 10. a3 a5 11. Qc2 h6 12. O-O e5 13. d5 Nb8 14. b4 Na6 15. Rab1
axb4 16. axb4 Bg4 17. Ne1 Rfe8 18. Ne4 Nxe4 19. Bxe4 Qg5 20. Nf3 Bxf3 21. Bxf3
f5 22. c5 e4 23. Be2 Qe7 24. Rfc1 Rec8 25. Bxa6 Rxa6 26. Ra1 Rxa1 27. Rxa1 Qe5
28. Rd1 Ra8 29. g3 Ra1 30. Rxa1 Qxa1+ 31. Kg2 Qe5 32. Qc4 Kh7 33. b5 dxc5 34.
Qxc5 Qd6 35. Qc4 Qb6 36. h3 1/2-1/2

[Event "Druzynowe Mistrzostwa Polski Juniorow - II Liga"]
[Site "Iwonicz"]
[Date "2016-07-31"]
[Round "8.13"]
[White "Brozyna, Mateusz"]
[Black "Raczynski, Krzysztof"]
[Result "0-1"]
[WhiteTitle "I"]
[BlackTitle "I++"]
[WhiteElo "1831"]
[BlackElo "2074"]

1. d4 Nf6 2. c4 g6 3. Nc3 Bg7 4. e4 d6 5. Nf3 O-O 6. h3 e5 7. d5 a5 8. Bg5 Na6
9. Be2 Nc5 10. Nd2 Qe8 11. b3 c6 12. Qc2 Bd7 13. O-O Nh5 14. Bxh5 gxh5 15. Rae1
f5 16. Be3 Nxe4 17. Ndxe4 fxe4 18. Nxe4 Qg6 19. Kh1 Bxh3 20. gxh3 Rf3 21. Kh2
Qf5 22. Rh1 cxd5 23. cxd5 Rc8 24. Qd3 Rxh3+ 25. Kg1 Qg6+ 0-1

[Event "Druzynowe Mistrzostwa Polski Juniorow - II Liga"]
[Site "Iwonicz"]
[Date "2016-07-31"]
[Round "8.14"]
[White "Kaminski, Piotr"]
[Black "Piwowarczyk, Arkadiusz"]
[Result "1-0"]
[WhiteTitle "I"]
[BlackTitle "II"]
[WhiteElo "1902"]
[BlackElo "1568"]

1. e4 c5 2. Nf3 d6 3. Bb5+ Bd7 4. Bxd7+ Nxd7 5. O-O e5 6. c3 Ngf6 7. Qe2 Be7 8.
d4 O-O 9. Nbd2 Rc8 10. dxe5 Nxe5 11. c4 Ng6 12. Re1 Re8 13. Nf1 h6 14. Ng3 Qc7
15. b3 a6 16. Bb2 Rb8 17. Rad1 Red8 18. Nf5 b5 19. e5 dxe5 20. Nxe5 Bd6 21. Rxd6
Rxd6 22. Nxd6 Qxd6 23. Nxg6 Re8 24. Ne5 bxc4 25. Qxc4 Re6 26. h3 Nd7 27. Qc3 Nxe5
28. Rxe5 Qd1+ 29. Kh2 Rg6 30. Rxc5 Qf1 31. Qf3 Qb1 32. Rc8+ Kh7 33. Qxf7 Rg5 34.
Qg8+ Kg6 35. Qxg7+ Kh5 36. g4+ 1-0

[Event "Druzynowe Mistrzostwa Polski Juniorow - II Liga"]
[Site "Iwonicz"]
[Date "2016-07-31"]
[Round "8.15"]
[White "Suder, Jakub"]
[Black "Mietkiewicz, Jacek"]
[Result "1/2-1/2"]
[WhiteTitle "I"]
[BlackTitle "I"]
[WhiteElo "1751"]
[BlackElo "1687"]

1. d4 d5 2. c4 e6 3. Nc3 c5 4. cxd5 exd5 5. Nf3 Nc6 6. g3 Nf6 7. Bg2 Be7 8. O-O
O-O 9. dxc5 Bxc5 10. Na4 Bb6 11. b3 Re8 12. Bb2 Bg4 13. Nxb6 axb6 14. h3 Bh5 15.
Bxf6 Qxf6 16. Qxd5 Bxf3 17. Qxf3 Qb2 18. e3 Rxa2 19. Rxa2 Qxa2 20. Qd5 g6 21.
Qb5 Qa5 22. Bxc6 bxc6 23. Qxa5 bxa5 24. Ra1 Rb8 25. Ra3 Kf8 26. Kf1 Ke7 27. Ke2
Rb5 28. Kd3 Kd6 29. e4 f5 30. exf5 Rxf5 31. Ra2 Rh5 32. h4 Rb5 33. Kc3 Rc5+ 34.
Kd3 Rb5 35. Kc4 Rc5+ 36. Kd4 Rd5+ 37. Kc3 Rc5+ 38. Kd3 Ke5 39. Ke4+ 1/2-1/2

[Event "Druzynowe Mistrzostwa Polski Juniorow - II Liga"]
[Site "Iwonicz"]
[Date "2016-07-31"]
[Round "8.16"]
[White "Lepski, Maksymilian"]
[Black "Piwowarczyk, Bartlomiej"]
[Result "0-1"]
[WhiteTitle "II"]
[BlackTitle "II+"]
[WhiteElo "1442"]
[BlackElo "1425"]

1. d4 d5 2. c4 e5 3. dxe5 d4 4. a3 Ne7 5. Nf3 Nbc6 6. Bg5 Bg4 7. Nbd2 Qd7 8. Qc2
Ng6 9. e3 dxe3 10. Bxe3 Be7 11. Be2 a6 12. O-O Ncxe5 13. Rad1 Qe6 14. Rfe1 Nh4
15. Nxh4 Bxe2 16. Rxe2 Bxh4 17. Bd4 f6 18. f4 O-O-O 19. Qe4 Qd6 20. Be3 Nd3 21.
g3 Nxb2 22. c5 Qd7 23. Rb1 Rhe8 24. Qb4 Qd3 25. Qxb7+ 0-1

[Event "Druzynowe Mistrzostwa Polski Juniorow - II Liga"]
[Site "Iwonicz"]
[Date "2016-07-31"]
[Round "8.17"]
[White "Kasperek, Kinga"]
[Black "Szelag, Zuzanna"]
[Result "0-1"]
[WhiteTitle "I"]
[BlackTitle "I++"]
[WhiteElo "1585"]
[BlackElo "1732"]

1. c4 f5 2. Nc3 Nf6 3. g3 g6 4. Bg2 Bg7 5. Nf3 d6 6. d4 O-O 7. O-O c6 8. d5 e5
9. dxe6 Bxe6 10. Qd3 Nbd7 11. Ng5 Re8 12. Nxe6 Rxe6 13. b3 Nc5 14. Qc2 Nfe4 15.
Bb2 Nxc3 16. Bxc3 Bxc3 17. Qxc3 Rxe2 18. Bf3 Re6 19. Rad1 Qe7 20. Rfe1 Re8 21.
Rxe6 Qxe6 22. Qd4 Rd8 23. b4 Ne4 24. Bxe4 fxe4 25. Qxa7 Qxc4 26. Qxb7 e3 27. fxe3
Rf8 28. Re1 Qc3 29. Re2 Qc1+ 30. Kg2 Qf1# 0-1

[Event "Druzynowe Mistrzostwa Polski Juniorow - II Liga"]
[Site "Iwonicz"]
[Date "2016-07-31"]
[Round "8.18"]
[White "Furtak, Joanna"]
[Black "Laszczuk, Zuzanna"]
[Result "1-0"]
[WhiteTitle "I+"]
[BlackTitle "I"]
[WhiteElo "1686"]
[BlackElo "1043"]

1. e4 e5 2. Nc3 Nf6 3. g3 Bc5 4. Bg2 Nc6 5. Nge2 d6 6. d3 h6 7. O-O Be6 8. h3 Qd7
9. Kh2 O-O-O 10. Be3 Bxe3 11. fxe3 d5 12. exd5 Nxd5 13. Nxd5 Bxd5 14. Bxd5 Qxd5
15. Nc3 Qe6 16. Qf3 Rhf8 17. Rae1 f5 18. g4 fxg4 19. Qxg4 Qxg4 20. hxg4 a6 21.
a3 b5 22. Ne4 Rxf1 23. Rxf1 Rg8 24. Rf7 Kb7 25. Nc5+ Kb6 26. Ne6 g5 27. Nxc7 Rg6
28. Nd5+ Kc5 29. Rf6 Rg7 30. Nb4 Nxb4 31. axb4+ Kxb4 32. Rxa6 Rh7 33. Rc6 Ka5
34. Kg3 Kb4 35. Kf3 Ka5 36. Ke4 Ka4 37. Kxe5 b4 38. Rc5 h5 39. gxh5 Rxh5 40. Ke4
Rh4+ 41. Kf5 g4 42. Kf4 b3 43. Rc4+ Kb5 44. cxb3 Kb6 45. Rc2 Kb5 46. Re2 Kc5 47.
Kg3 Rh8 48. Kxg4 Rg8+ 49. Kf3 Rf8+ 50. Kg2 Rb8 51. Rc2+ Kd5 52. Rc3 Re8 53. Kf3
Rf8+ 54. Ke2 Rh8 55. e4+ Kd6 56. Ke3 Rh3+ 57. Kd4 Rh2 58. e5+ Ke6 59. Rc6+ Ke7
60. Kd5 Rxb2 61. Rb6 Rd2 62. d4 Rd3 63. Rb7+ Ke8 64. Ke6 Rxd4 65. Rb8+ Rd8 66.
Rxd8+ Kxd8 67. Kf7 Kc7 68. e6 Kc8 69. e7 Kc7 70. e8=Q Kb6 71. Qe5 Kc6 72. Kf6
Kb7 73. Qd6 Ka7 74. Qb4 Ka6 75. Ke6 Ka7 76. Kd6 Ka6 77. Kc6 Ka7 78. Qb7# 1-0

[Event "Druzynowe Mistrzostwa Polski Juniorow - II Liga"]
[Site "Iwonicz"]
[Date "2016-07-31"]
[Round "8.19"]
[White "Czerniawski, Krzysztof"]
[Black "Klementowski, Dawid"]
[Result "1/2-1/2"]
[WhiteTitle "I"]
[BlackTitle "I"]
[WhiteElo "1904"]
[BlackElo "2000"]

1. Nf3 c5 2. g3 Nc6 3. Bg2 g6 4. d4 cxd4 5. Nxd4 Bg7 6. Nxc6 bxc6 7. O-O Rb8 8.
c4 Nf6 9. Nc3 O-O 10. Rb1 Qc7 11. Re1 Rd8 12. e4 e5 13. b3 d6 14. Bg5 h6 15. Bxf6
Bxf6 16. Qf3 Kg7 17. Rbd1 Be6 18. Qe3 Qa5 19. Rd3 Rb7 20. Red1 Be7 21. Kh1 Rf8
22. f4 Rc7 23. Rf1 f5 24. Rdd1 exf4 25. gxf4 Rd8 26. Rfe1 Bf6 27. e5 dxe5 28.
Rxd8 Bxd8 29. Qxe5+ Qxe5 30. fxe5 Bg5 31. Na4 Be7 32. Nb2 g5 33. Kg1 Kg6 34. Nd3
a5 35. Kf2 Rd7 36. Rd1 Rc7 37. Ne1 Rd7 38. Nd3 Rc7 39. Ne1 Rd7 40. Nd3 1/2-1/2

[Event "Druzynowe Mistrzostwa Polski Juniorow - II Liga"]
[Site "Iwonicz"]
[Date "2016-07-31"]
[Round "8.21"]
[White "Maciak, Jakub"]
[Black "Grochol, Kamil"]
[Result "1/2-1/2"]
[WhiteTitle "II"]
[BlackTitle "II+"]
[WhiteElo "1582"]
[BlackElo "1648"]

1. e4 c5 2. Nf3 Nc6 3. Bb5 d6 4. Bxc6+ bxc6 5. d3 e5 6. h3 Be7 7. O-O Nf6 8. Re1
O-O 9. c3 Qc7 10. Nbd2 Rd8 11. Qe2 Rb8 12. Nf1 Be6 13. c4 Ne8 14. Ng3 g6 15. Ng5
Ng7 16. f4 Bxg5 17. fxg5 Rf8 18. Qf3 Qd8 19. b3 f6 20. gxf6 Qxf6 21. Qxf6 Rxf6
22. Bb2 Rb7 23. Rf1 Rxf1+ 24. Rxf1 Ne8 25. Bc3 Rf7 26. Rxf7 Kxf7 27. Kf2 Kf6 28.
Ne2 Ke7 29. Ng1 Kf6 30. Nf3 Bd7 31. Bd2 Kg7 1/2-1/2

[Event "Druzynowe Mistrzostwa Polski Juniorow - II Liga"]
[Site "Iwonicz"]
[Date "2016-07-31"]
[Round "8.23"]
[White "Wilant, Marta"]
[Black "Kucharska, Honorata"]
[Result "0-1"]
[WhiteTitle "II"]
[BlackTitle "k"]
[WhiteElo "1306"]
[BlackElo "1855"]

1. d4 Nf6 2. c4 d6 3. Nf3 Nbd7 4. g3 g6 5. Bg2 Bg7 6. e3 O-O 7. O-O e5 8. Nc3 c6
9. dxe5 dxe5 10. Qc2 Qc7 11. h3 Nc5 12. b4 Bf5 13. Qb2 Nd3 14. Qb3 Rad8 15. g4
Be6 16. Ng5 Qe7 17. Ba3 Nd7 18. Nxe6 Qxe6 19. Ne4 Nb6 20. c5 Qxb3 21. axb3 Nd5
22. Nd6 e4 23. Ra2 f5 24. gxf5 gxf5 25. Nxb7 Rb8 26. Nd6 Nc3 27. Rd2 a5 28. bxa5
Rxb3 29. Bc1 Rb1 30. Ba3 Rb3 31. Bc1 Ra8 32. Nxf5 Rxa5 33. Nd4 Bxd4 34. exd4 Ra1
35. Rc2 Rxc1 36. Rcxc1 Nxc1 37. Re1 N1e2+ 38. Kh2 Rb4 39. Bxe4 Nxe4 40. Rxe2 Rxd4
41. Ra2 Rd2 42. Ra8+ Kg7 43. Rc8 Rxf2+ 44. Kg1 Rf6 45. Kg2 Nxc5 46. Kg3 Ne4+ 47.
Kg4 Nf2+ 48. Kg3 Kg6 49. h4 Ne4+ 50. Kg4 h5+ 51. Kh3 Rf3+ 52. Kg2 Rc3 53. Rg8+
Kf5 54. Kh2 Kf4 55. Kg2 Rg3+ 56. Rxg3 Nxg3 0-1

[Event "Druzynowe Mistrzostwa Polski Juniorow - II Liga"]
[Site "Iwonicz"]
[Date "2016-07-31"]
[Round "8.24"]
[White "Cieslak, Jessica"]
[Black "Raczykowska, Paulina"]
[Result "0-1"]
[WhiteTitle "II"]
[BlackTitle "I+"]
[WhiteElo "1189"]
[BlackElo "1679"]

1. e4 e5 2. Nf3 Nc6 3. Bc4 Bc5 4. c3 Nf6 5. d4 exd4 6. O-O Nxe4 7. cxd4 d5 8. dxc5
dxc4 9. Qe2 Qd3 10. Re1 f5 11. Nc3 O-O 12. Nxe4 fxe4 13. Qxe4 Bf5 14. Qf4 Rac8
15. Bd2 Bg6 16. Qg4 Rcd8 17. Bc3 Rf7 18. h4 Bf5 19. Qg3 h6 20. Re3 Qd5 21. Ne5
Nxe5 22. Rxe5 Qd3 23. f3 Kh7 24. Rae1 Qd7 25. R1e2 b5 26. cxb6 axb6 27. Rd2 Bd3
28. Re4 Qc6 29. Rg4 Rdd7 30. b3 b5 31. b4 Qb6+ 32. Kh1 Qa7 33. f4 c5 34. bxc5
Qxc5 35. Rd1 Qa3 36. Be5 Rde7 37. Re1 Qxa2 38. f5 Bxf5 39. Rf4 Bd3 40. Rxf7 Rxf7
41. h5 Qd2 42. Qh4 Qg5 43. Qxg5 hxg5 44. Ra1 Rb7 45. Kg1 Kh6 46. g4 Be2 47. Kf2
Bxg4 48. Rh1 Bxh5 0-1

[Event "Druzynowe Mistrzostwa Polski Juniorow - II Liga"]
[Site "Iwonicz"]
[Date "2016-07-31"]
[Round "8.25"]
[White "Lizak, Jakub"]
[Black "Pasieka, Marcin"]
[Result "1-0"]
[WhiteTitle "k"]
[BlackTitle "I"]
[WhiteElo "2131"]
[BlackElo "1768"]

1. c4 Nf6 2. g3 e6 3. Bg2 d5 4. Nf3 Be7 5. O-O O-O 6. b3 c5 7. Bb2 Nc6 8. e3 Qc7
9. Nc3 a6 10. cxd5 exd5 11. d4 Be6 12. dxc5 Bxc5 13. Rc1 Qe7 14. Qc2 Ba7 15. Rfd1
Rac8 16. Rd2 Rfd8 17. Re1 b5 18. Qb1 d4 19. exd4 Nxd4 20. Nxd4 Bxd4 21. Nd5 Nxd5
22. Bxd4 Qb4 23. Qb2 Ne7 24. Red1 Nf5 25. Bc3 Rxd2 26. Qxd2 Qe7 27. Bb7 Rb8 28.
Bxa6 h5 29. a4 b4 30. Be5 Ra8 31. Qd3 Qc5 32. Bb7 Ra7 33. Qd8+ Kh7 34. Qg5 g6
35. Qf6 Qf8 36. Rd8 Qg7 37. Rh8+ Kxh8 38. Qd8+ 1-0

[Event "Druzynowe Mistrzostwa Polski Juniorow - II Liga"]
[Site "Iwonicz"]
[Date "2016-07-31"]
[Round "8.26"]
[White "Kupiecki, Szymon"]
[Black "Tustanowski, Mateusz"]
[Result "1/2-1/2"]
[WhiteTitle "II"]
[BlackTitle "I++"]
[WhiteElo "1432"]
[BlackElo "1957"]

1. e4 e5 2. Nf3 Nc6 3. Bb5 Bc5 4. c3 Nf6 5. O-O O-O 6. d4 exd4 7. cxd4 Bb6 8. e5
Nd5 9. Bc4 Nce7 10. Qb3 c6 11. Nc3 d6 12. Bxd5 Nxd5 13. Nxd5 cxd5 14. Bg5 Qd7
15. Qxd5 dxe5 16. Qxd7 Bxd7 17. dxe5 Rfe8 18. Bf4 Bc6 19. Rad1 Bc7 20. Rfe1 f6
21. Bg3 Bxf3 22. gxf3 Bxe5 23. Bxe5 Rxe5 24. Rxe5 fxe5 25. Rd7 Rc8 26. Rxb7 Rc2
27. Rxa7 Rxb2 28. a4 Ra2 29. a5 h6 30. a6 Kh7 31. Kg2 Kg6 32. Ra8 Kg5 33. Ra7
g6 34. Ra8 Ra3 35. a7 Ra1 36. Kh3 Kh5 1/2-1/2